World Countries Quiz - Statistics

General Stats
  • This quiz has been taken 34 times
  • The average score is 11 of 15
Answer Stats
Question Answer % Correct
What is the most populated continent? Asia
100%
Which mountain range does Nepal sit in? The Himalayas
100%
What is the largest country in the world? Russia
97%
What is the smallest country in the world? Vatican City
97%
Capital of England is... London
94%
The most populated country is... China
88%
The capital of Lithuania is... Vilnius
88%
The capital of Portugal is... Lisbon
79%
What's the newest/youngest country in the world as of 2011 South Sudan
79%
What is North Korea also known as? DPRK
67%
Capital of Nicaragua is... Managua
67%
What are the only 2 countries that have purple on their flag? Dominica & Nicaragua
58%
What is the capital of Luxembourg? Luxembourg City
24%
As of 2027, what will be the newest/youngest country? Bougainville
18%
What is the oldest country in Europe? Bulgaria
18%
No matching quizzes found
Score Distribution
Percent of People with Each Score
Percentile by Number Answered
Your Score History
You have not taken this quiz